[Event "FIN-chT 1819"]
[Site "Finland"]
[Date "2018.12.09"]
[Round "6.7"]
[White "Dannenberg, Olavi"]
[Black "Hallenberg, Sami"]
[Result "0-1"]
[WhiteElo "1926"]
[BlackElo "2128"]
[PlyCount "98"]
[EventDate "2018.09.15"]
[EventType "team-tourn"]
[EventRounds "11"]
[EventCountry "FIN"]
[SourceTitle "CBM 187 Extra"]
[Source "ChessBase"]
[SourceDate "2018.11.04"]
[SourceVersion "1"]
[SourceVersionDate "2018.11.04"]
[SourceQuality "1"]
[WhiteTeam "Joensuu SK"]
[BlackTeam "Vantaa EtVaS"]
[WhiteTeamCountry "FIN"]
[BlackTeamCountry "FIN"]

1. e4 c5 2. Nc3 Nc6 3. g3 g6 4. Bg2 Bg7 5. d3 e6 6. Be3 Nd4 7. Qd2 Rb8 8. Nd1 d6 9. c3 Nc6 10. Ne2 b5 11. 0-0 Nge7 12. Bh6 0-0 13. h4 f6 14. Bxg7 Kxg7 15. d4 Qb6 16. Ne3 e5 17. dxc5 dxc5 18. Rad1 Rd8 19. Qc2 Be6 20. b3 a5 21. Rxd8 Rxd8 22. Rd1 b4 23. c4 Nd4 24. Qb2 a4 25. Nd5 Qa7 26. Nxd4 exd4 27. bxa4 Nc6 28. Qb3 Ne5 29. f4 Ng4 30. a3 Bxd5 31. cxd5 bxa3 32. Qxa3 c4 33. Rf1 d3+ 34. Kh1 Re8 35. Bf3 Nf2+ 36. Kg2 Nxe4 37. Bxe4 Rxe4 38. Qd6 Re2+ 39. Kh3 Qe7 40. Qc6 Qe4 41. Qc7+ Kh6 42. Rg1 Qxd5 43. Qb8 Qd7+ 44. g4 Kg7 45. Rb1 Re7 46. Qa8 h5 47. f5 hxg4+ 48. Kg3 Qxf5 49. Qd8 Qf3+ 0-1

[Event "Olympiad Women-43"]
[Site "Batumi"]
[Date "2018.09.30"]
[Round "6.40"]
[White "Alkaseir, Roaa"]
[Black "Dannenberg, Olavi"]
[Result "0-1"]
[WhiteElo "1708"]
[BlackElo "1926"]
[PlyCount "114"]
[EventDate "2018.09.24"]
[EventType "team-swiss"]
[EventRounds "11"]
[EventCountry "GEO"]
[SourceTitle "EXT 2020"]
[Source "ChessBase"]
[SourceDate "2019.10.17"]
[SourceVersion "1"]
[SourceVersionDate "2019.10.17"]
[SourceQuality "1"]
[WhiteTeam "Syria (W)"]
[BlackTeam "Finland (W)"]
[WhiteTeamCountry "SYR"]
[BlackTeamCountry "FIN"]

1. e4 g6 2. d4 Bg7 3. Nc3 d6 4. f4 e6 5. Nf3 Ne7 6. Bc4 a6 7. a4 0-0 8. 0-0 d5 9. Be2 dxe4 10. Nxe4 b6 11. Ne5 Bb7 12. Bf3 Nbc6 13. c3 Rb8 14. Qe2 Nd5 15. Ng5 Nxe5 16. fxe5 c5 17. Bg4 Nc7 18. Be3 cxd4 19. cxd4 h6 20. Nf3 Nd5 21. Bd2 Rc8 22. Rac1 Qd7 23. b3 Qe7 24. Rxc8 Rxc8 25. Rc1 Rxc1+ 26. Bxc1 h5 27. Bh3 Qb4 28. Qc4 Qxc4 29. bxc4 Nc3 30. Ba3 Nxa4 31. Nd2 Bf8 32. Bd6 Nb2 33. Kf1 Bh6 34. Nf3 Nxc4 35. Ke2 Bf8 36. Bc7 b5 37. Ng5 Be7 38. Nxe6 Bxg2 39. Bxg2 fxe6 40. Bb7 b4 41. Bxa6 Na3 42. Bd3 Kf7 43. Kd1 b3 44. Kc1 Nc2 45. Bxc2 bxc2 46. Kxc2 g5 47. Kd3 g4 48. Ke4 Bb4 49. d5 Be1 50. d6 Ke8 51. Bb6 g3 52. hxg3 Bxg3 53. Bg1 h4 54. Kd4 h3 55. Kc4 Bxe5 56. Kc5 Kd7 57. Kc4 h2 0-1

[Event "Olympiad Women-43"]
[Site "Batumi"]
[Date "2018.09.28"]
[Round "5.25"]
[White "Dannenberg, Olavi"]
[Black "Koridze, Lile"]
[Result "0-1"]
[WhiteElo "1926"]
[BlackElo "1931"]
[PlyCount "112"]
[EventDate "2018.09.24"]
[EventType "team-swiss"]
[EventRounds "11"]
[EventCountry "GEO"]
[SourceTitle "EXT 2020"]
[Source "ChessBase"]
[SourceDate "2019.10.17"]
[SourceVersion "1"]
[SourceVersionDate "2019.10.17"]
[SourceQuality "1"]
[WhiteTeam "Finland (W)"]
[BlackTeam "Georgia (W) III"]
[WhiteTeamCountry "FIN"]
[BlackTeamCountry "GEO"]

1. e4 c5 2. Nc3 d6 3. g3 Nc6 4. Bg2 g6 5. d3 Bg7 6. Be3 Rb8 7. Qd2 b5 8. Nge2 b4 9. Nd1 Nd4 10. 0-0 e6 11. Nc1 a5 12. c3 Nc6 13. Ne2 Ba6 14. Re1 Ne5 15. Nc1 Qc7 16. h3 a4 17. f4 Nc6 18. d4 bxc3 19. bxc3 cxd4 20. cxd4 Nge7 21. Nc3 0-0 22. Bf1 Bxf1 23. Rxf1 Rfc8 24. N1e2 a3 25. Rab1 Nb4 26. Rfc1 Qd8 27. Rb3 Nec6 28. Nb1 d5 29. e5 Bf8 30. Nxa3 Ra8 31. Rcb1 Ra5 32. Nc1 Ra4 33. Nb5 Na5 34. Rxb4 Bxb4 35. Rxb4 Rxc1+ 36. Qxc1 Rxb4 37. Nd6 Qb8 38. Kg2 Nc4 39. a3 Rb2+ 40. Bf2 Qb3 41. f5 Ne3+ 42. Kf3 Nd1+ 43. Kg4 Nxf2+ 44. Kh4 Qc2 45. Qg5 Qc7 46. Ne8 Ne4 47. Qh6 Qe7+ 48. f6 Qf8 49. Ng7 Rf2 50. Qe3 Ra2 51. Qc1 Rxa3 52. Qc6 h6 53. Nxe6 fxe6 54. Qxe6+ Qf7 55. Qc8+ Kh7 56. Qd8 g5+ 0-1

[Event "FIN-ch (Women)"]
[Site "Helsinki"]
[Date "2014.04.19"]
[Round "4"]
[White "Nazarova, Anastasia"]
[Black "Dannenberg, Olavi"]
[Result "1-0"]
[WhiteElo "1685"]
[BlackElo "2074"]
[PlyCount "61"]
[EventDate "2014.04.17"]
[EventType "tourn"]
[EventRounds "9"]
[EventCountry "FIN"]
[SourceTitle "EXT 2015"]
[Source "ChessBase"]
[SourceDate "2014.11.20"]
[SourceVersion "1"]
[SourceVersionDate "2014.11.20"]
[SourceQuality "1"]

1. e4 d5 2. exd5 Qxd5 3. Nc3 Qa5 4. d4 Nf6 5. Bd2 c6 6. h3 Bf5 7. Bc4 Qc7 8. Nf3 e6 9. 0-0 Nbd7 10. Re1 Be7 11. Qe2 Nb6 12. Bb3 Nfd5 13. Ne4 0-0 14. Ng3 Nf4 15. Qf1 Bg6 16. Ne5 Bg5 17. Rad1 Bh6 18. c4 Nd7 19. Nxg6 hxg6 20. Ne4 Nh5 21. Bb4 Rfd8 22. d5 a5 23. Bd6 Qc8 24. dxe6 fxe6 25. c5 Nf8 26. Bxf8 Kxf8 27. Nd6 Qc7 28. Rxe6 Nf4 29. Re3 Nd5 30. Bxd5 Bxe3 31. fxe3+ 1-0

[Event "FIN-ch (Women)"]
[Site "Helsinki"]
[Date "2014.04.17"]
[Round "1"]
[White "Dannenberg, Olavi"]
[Black "Nazarova, Anastasia"]
[Result "1/2-1/2"]
[WhiteElo "2074"]
[BlackElo "1685"]
[PlyCount "80"]
[EventDate "2014.04.17"]
[EventType "tourn"]
[EventRounds "9"]
[EventCountry "FIN"]
[SourceTitle "EXT 2015"]
[Source "ChessBase"]
[SourceDate "2014.11.20"]
[SourceVersion "1"]
[SourceVersionDate "2014.11.20"]
[SourceQuality "1"]

1. e4 c5 2. Nc3 Nc6 3. g3 g6 4. Bg2 Bg7 5. d3 e6 6. Nh3 Nge7 7. 0-0 0-0 8. Be3 d6 9. Qd2 Rb8 10. Bh6 b5 11. Bxg7 Kxg7 12. Rfe1 e5 13. f4 f6 14. Nd1 Be6 15. Kh1 Qd7 16. Ng1 d5 17. exd5 Nxd5 18. Ne3 Nde7 19. fxe5 Nxe5 20. Nf3 N7c6 21. b3 Rfd8 22. Qf2 Rbc8 23. Rf1 Qe7 24. Rae1 Nxf3 25. Bxf3 Ne5 26. Bg2 Qf7 27. Qe2 c4 28. dxc4 bxc4 29. Rd1 cxb3 30. cxb3 h5 31. Rxd8 Rxd8 32. Rd1 Rxd1+ 33. Qxd1 Qc7 34. Qc2 Qa5 35. Qe2 Qc3 36. h3 Bf7 37. Kh2 Qc7 38. Qc2 Qd6 39. Qd1 Qb8 40. Qd4 Qc7 1/2-1/2

[Event "Heart of Finland op 17th"]
[Site "Jyvaskyla"]
[Date "2007.07.17"]
[Round "3"]
[White "Karttunen, Mika"]
[Black "Dannenberg, Olavi"]
[Result "1-0"]
[WhiteElo "2447"]
[BlackElo "2087"]
[PlyCount "89"]
[EventDate "2007.07.16"]
[EventType "swiss"]
[EventRounds "9"]
[EventCountry "FIN"]
[SourceTitle "CBM 119 Extra"]
[Source "ChessBase"]
[SourceDate "2007.09.04"]
[SourceVersion "1"]
[SourceVersionDate "2007.09.04"]
[SourceQuality "1"]

1. d4 Nf6 2. Bg5 d6 3. Bxf6 exf6 4. g3 g6 5. Bg2 Bg7 6. e3 c6 7. c4 0-0 8. Ne2 Re8 9. Nbc3 Nd7 10. 0-0 Nf8 11. b4 Qc7 12. b5 Rb8 13. Qa4 Bd7 14. Rab1 cxb5 15. Nxb5 Bxb5 16. Qxb5 b6 17. Nf4 Rbc8 18. Rfc1 Qd7 19. Qxd7 Nxd7 20. a4 Bf8 21. a5 bxa5 22. Bb7 Rb8 23. Bc6 Red8 24. Bxd7 Rxb1 25. Rxb1 Rxd7 26. Nd5 Kg7 27. Rb5 a4 28. Kg2 Rd8 29. Ra5 a3 30. Rxa3 Rc8 31. Ra4 f5 32. Kf3 g5 33. Ke2 h5 34. Kd3 Rb8 35. Kc2 Rb7 36. h3 Be7 37. Ra6 Kf8 38. Kc3 Ke8 39. Nxe7 Kxe7 40. Ra5 Ke6 41. g4 hxg4 42. hxg4 fxg4 43. Rxg5 f5 44. Rg6+ Kd7 45. Rf6 1-0

[Event "Heart of Finland op 16th"]
[Site "Jyvaskyla"]
[Date "2006.07.14"]
[Round "6"]
[White "Dannenberg, Olavi"]
[Black "Salimaki, Janne"]
[Result "1-0"]
[WhiteElo "2086"]
[BlackElo "2179"]
[PlyCount "137"]
[EventDate "2006.07.07"]
[EventType "swiss"]
[EventRounds "9"]
[EventCountry "FIN"]
[SourceTitle "EXT 2022"]
[Source "ChessBase"]
[SourceDate "2021.10.06"]
[SourceVersion "1"]
[SourceVersionDate "2021.10.06"]
[SourceQuality "1"]

1. e4 e6 2. d3 d5 3. Nd2 c5 4. Ngf3 Nc6 5. g3 g6 6. Bg2 Bg7 7. 0-0 Nge7 8. Re1 h6 9. c3 b6 10. Qc2 Bb7 11. Nf1 Qd7 12. Bf4 d4 13. c4 e5 14. Bd2 0-0 15. h4 f5 16. a3 a5 17. N3h2 f4 18. f3 Rf7 19. Re2 Raf8 20. Rb1 Qd6 21. Qb3 Qd8 22. Qd1 Bc8 23. g4 Bf6 24. Qe1 Kh8 25. b4 axb4 26. axb4 Ng8 27. bxc5 Bxh4 28. Qc1 bxc5 29. Qa3 Be7 30. Be1 Bd6 31. Ra2 Nge7 32. Bh3 Rh7 33. Qb2 Bd7 34. Rba1 Nb4 35. Bxb4 cxb4 36. Nd2 h5 37. Nb3 hxg4 38. Bxg4 Bxg4 39. Nxg4 Ng8 40. Qg2 Rh5 41. Qf1 Rf7 42. Rh2 Rfh7 43. Raa2 Qg5 44. Rag2 Rxh2 45. Nxh2 Qh5 46. Qa1 Be7 47. Qa6 Rh6 48. Qe6 Bf6 49. c5 Rh7 50. c6 Re7 51. Qd6 Qh7 52. Rc2 Rc7 53. Qxb4 Qe7 54. Qb6 Qd6 55. Ng4 Bd8 56. Qb5 Re7 57. Na5 Bc7 58. Nc4 Qe6 59. Nb6 Nf6 60. Nxf6 Qxf6 61. Nd5 Qd6 62. Nxe7 Qxe7 63. Qd5 Qa3 64. Qd7 Qa1+ 65. Kh2 Qa5 66. Rg2 g5 67. Rxg5 Qd2+ 68. Rg2 Qe1 69. Qg7# 1-0